000 00570nam a2200181Ia 4500
008 151202s9999||||xx |||||||||||||| ||und||
082 _bPNVM-67087
100 _aमोहोळकर माधव.
245 _aगीतयात्री.
260 _b"मौज प्रकाशन गृह, मुंबई."
260 _c2004
300 _a172
600 _aमोहोळकर माधव.
630 _aगीतयात्री.
700 _aमोहोळकर माधव.
730 _aगीतयात्री.
942 _cBOOK
999 _c1333619
_d1333616